Trung Hoa chuyện ngàn xưa
Uloženo v:
| Médium: | Kniha |
|---|---|
| Jazyk: | Undetermined |
| Vydáno: |
Hà Nội
Nhà xuất bản Hà Nội
2004
|
| Témata: | |
| Tagy: |
Přidat tag
Žádné tagy, Buďte první, kdo otaguje tento záznam!
|
| Thư viện lưu trữ: | Trung tâm Học liệu Trường Đại học Cần Thơ |
|---|
| LEADER | 00629nam a2200193Ia 4500 | ||
|---|---|---|---|
| 001 | CTU_93694 | ||
| 008 | 210402s9999 xx 000 0 und d | ||
| 020 | |c 29000 | ||
| 082 | |a 895.13081 | ||
| 082 | |b Tr513 | ||
| 245 | 0 | |a Trung Hoa chuyện ngàn xưa | |
| 245 | 0 | |c Ngô Văn Phú biên soạn | |
| 260 | |a Hà Nội | ||
| 260 | |b Nhà xuất bản Hà Nội | ||
| 260 | |c 2004 | ||
| 650 | |a Historical fiction, chinese ( vietnamese ) | ||
| 904 | |i Trúc (sửa số pl 895.13081/Ph500 thành 895.13081/Tr513) | ||
| 910 | |a Mất MOL.033599 | ||
| 980 | |a Trung tâm Học liệu Trường Đại học Cần Thơ | ||